000 00587cam a2200205 4500500
005 20260405002908.0
041 _afre
042 _adc
100 1 0 _aOrtoli, Sven
_eauthor
245 0 0 _aFaites la mouche, pas la guĂȘpe
260 _c2019.
500 _a36
690 _aAnimaux
690 _aDisparition
690 _aEnvironnement
690 _aInsectes
690 _aOiseau
786 0 _nPhilosophie magazine | 128 | 4 | 2019-04-01 | p. 11-11 | 1951-1787
856 4 1 _uhttps://shs.cairn.info/magazine-philosophie-magazine-2019-4-page-11?lang=fr&redirect-ssocas=7080
999 _c2062235
_d2062235